H Tipperudrasvami (Record no. 115885)
[ view plain ]
| 000 -LEADER | |
|---|---|
| fixed length control field | 00877nam a2200289Ia 4500 |
| 003 - CONTROL NUMBER IDENTIFIER | |
| control field | OSt |
| 005 - DATE AND TIME OF LATEST TRANSACTION | |
| control field | 20250212091553.0 |
| 008 - FIXED-LENGTH DATA ELEMENTS--GENERAL INFORMATION | |
| fixed length control field | 210210b2006 xxu||||| |||| 00| 0 eng d |
| 020 ## - INTERNATIONAL STANDARD BOOK NUMBER | |
| International Standard Book Number | 8173028680 |
| 040 ## - CATALOGING SOURCE | |
| Transcribing agency | AL |
| 041 ## - LANGUAGE CODE | |
| Language code of text/sound track or separate title | Kannada |
| 082 ## - DEWEY DECIMAL CLASSIFICATION NUMBER | |
| Classification number | K894.9 PRAE |
| 100 ## - MAIN ENTRY--PERSONAL NAME | |
| Personal name | PRADHAN GURUDATTA |
| Dates associated with a name | ಪ್ರಧಾನ್ ಗುರುದತ್ತ |
| 9 (RLIN) | 199237 |
| 245 ## - TITLE STATEMENT | |
| Title | H Tipperudrasvami |
| Remainder of title | ಎಚ್ ತಿಪ್ಪೇರುದ್ರಸ್ವಾಮಿ |
| 260 ## - PUBLICATION, DISTRIBUTION, ETC. | |
| Place of publication, distribution, etc. | Bengaluru |
| Name of publisher, distributor, etc. | Navakaranataka Prakashana |
| Date of publication, distribution, etc. | 2006 |
| 300 ## - PHYSICAL DESCRIPTION | |
| Extent | 119 |
| 650 ## - SUBJECT ADDED ENTRY--TOPICAL TERM | |
| Topical term or geographic name entry element | Tipperudrasvami |
| 9 (RLIN) | 199238 |
| 650 ## - SUBJECT ADDED ENTRY--TOPICAL TERM | |
| Topical term or geographic name entry element | Taranatha |
| 9 (RLIN) | 199239 |
| 650 ## - SUBJECT ADDED ENTRY--TOPICAL TERM | |
| Topical term or geographic name entry element | Es |
| 9 (RLIN) | 199240 |
| 650 ## - SUBJECT ADDED ENTRY--TOPICAL TERM | |
| Topical term or geographic name entry element | En |
| 9 (RLIN) | 199241 |
| 650 ## - SUBJECT ADDED ENTRY--TOPICAL TERM | |
| Topical term or geographic name entry element | Ech |
| 9 (RLIN) | 199242 |
| 650 ## - SUBJECT ADDED ENTRY--TOPICAL TERM | |
| Topical term or geographic name entry element | by |
| 9 (RLIN) | 199243 |
| 690 ## - LOCAL SUBJECT ADDED ENTRY--TOPICAL TERM (OCLC, RLIN) | |
| Topical term or geographic name as entry element | Kannada Criticism |
| 9 (RLIN) | 199244 |
| 700 ## - ADDED ENTRY--PERSONAL NAME | |
| Personal name | N S Taranatha |
| Dates associated with a name | ಎನ್ ಎಸ್ ತಾರಾನಾಥ |
| 9 (RLIN) | 199245 |
| 906 ## - LOCAL DATA ELEMENT F, LDF (RLIN) | |
| a | 061848 |
| 942 ## - ADDED ENTRY ELEMENTS (KOHA) | |
| Source of classification or shelving scheme | Dewey Decimal Classification |
| Koha item type | Book |
| Withdrawn status | Lost status | Source of classification or shelving scheme | Damaged status | Not for loan | Collection code | Home library | Current library | Date acquired | Source of acquisition | Cost, normal purchase price | Total Checkouts | Full call number | Barcode | Date last seen | Price effective from | Koha item type |
|---|---|---|---|---|---|---|---|---|---|---|---|---|---|---|---|---|
| Dewey Decimal Classification | Kannada | St Aloysius Library | St Aloysius Library | 02/17/2021 | Navakarnataka Publication Pvt Ltd., Mangalore. | 60.00 | K894.9 PRAE | 061848 | 02/17/2021 | 02/17/2021 | Book |